000 00292nam a2200133Ia 4500
100 _aArustamov/Kh.A
942 _cBK
654 _ageometry
245 _aProblems in descriptive geometry
260 _bMir Publishers
_aMoscow
_c1974
082 _a516.3
300 _a408
546 _aENGLISH
999 _c32948
_d32948